Statistics for Crisps UK

Click here to take the quiz!

General Stats

  • This quiz has been taken 155 times
  • The average score is 9 of 15

Answer Stats

ClueAnswer% Correct
Some people call them "plain"Ready salted
95%
Pink bags! Something 'fishy'?Prawn cocktail
93%
If we were in France, this flavour would be "fromage et oignon"Cheese and onion
91%
Sodium chloride and acetic acid?Salt and vinegar
91%
"I feel like....... tonight"?Roast chicken
63%
Again, a Monster Munch flavour, in the yellow bagRoast beef
62%
An anagram of this flavour is 'NICKIN POODLE'Pickled onion
59%
If 'Lea & Perrins' made crisps!Worcester sauce
53%
Monster Munch and Cheetos come in this particular flavour. Opposite to perishingly cold!Flamin hot
50%
Black bag for Walkers ones, my mate!Marmite
50%
Could be made by HP, Daddies or Chef etcBrown sauce
46%
Perfect with roast lamb on Sunday (discontinued)Mint sauce
42%
Danish perhaps? In a maroon bagSmokey bacon
37%
You can get Pringles and Wotsits in this meaty flavour. Well done!Steak
34%
Walkers ones are in a chocolate brown coloured bagBeef and onion
32%

Score Distribution

Percentile by Number Answered

Percent of People with Each Score

Your Score History

You have not taken this quiz